Indira Gandhi (Record no. 38784)

MARC details
000 -LEADER
fixed length control field 00250nam a2200109Ia 4500
082 ## - DEWEY DECIMAL CLASSIFICATION NUMBER
Classification number 92IND
Item number BRI
100 ## - MAIN ENTRY--AUTHOR NAME
Personal name Bright, J S
245 #0 - TITLE STATEMENT
Title Indira Gandhi
260 ## - PUBLICATION, DISTRIBUTION, ETC. (IMPRINT)
Place of publication Delhi
Name of publisher Newlight
Year of publication 1984
942 ## - ADDED ENTRY ELEMENTS (KOHA)
Koha item type Books
Holdings
Withdrawn status Lost status Damaged status Not for loan Home library Current library Date acquired Cost, normal purchase price Full call number Accession Number Koha item type
        RRII Library RRII Library 16/12/2021 16.00 92IND BRI 19135 Books